000
00292nam a22001217a 4500
008
180313b xxu||||| |||| 00| 0 eng d
041
_a
eng
080
_a
611
100
_a
6
101
_a
ana
245
_a
physical rehabilitation assessment an treatment
_c
sullivan.s.b
942
_2
udc
_c
BK
999
_c
44868
_d
44868